Erfolgreichste Songs von Michael Jackson - Statistiken

Allgemein
  • Dieses Quiz wurde 161 mal gespielt
  • Das Durchschnittsergebnis liegt bei 8 aus 23
Antwortstatistiken
Jahr Pl. Song % Korrekt
Als Leadmusiker 1983 9 Thriller
94%
Als Leadmusiker 1983 2 Beat It
83%
Als Leadmusiker 1983 2 Billie Jean
74%
Als Leadmusiker 1988 8 Smooth Criminal
69%
Als Leadmusiker 1987 4 Bad
65%
Als Leadmusiker 1995 1 Earth Song
63%
Als Leadmusiker 1988 3 Dirty Diana
56%
Als Leadmusiker 1991 2 Black or White
50%
Als Gastmusiker 1985 2 We Are the World
49%
Als Leadmusiker 1996 1 They Don’t Care About Us
45%
Als Leadmusiker 1992 3 Heal the World
40%
Als Leadmusiker 1995 4 You Are Not Alone
21%
Als Leadmusiker 1995 8 Scream / Childhood
20%
Als Gastmusiker 1983 2 Somebody’s Watching Me
20%
Als Leadmusiker 1992 8 Remember the Time
17%
Als Leadmusiker 2001 6 You Rock My World
10%
Als Leadmusiker 1992 9 Who Is It
9%
Als Leadmusiker 1997 5 Blood on the Dance Floor
7%
Als Leadmusiker 2010 7 Hold My Hand
7%
Als Leadmusiker 1987 2 I Just Can’t Stop Loving You
7%
Als Leadmusiker 1988 10 Another Part of Me
5%
Als Gastmusiker 1990 5 Do the Bartman
2%
Als Leadmusiker 1993 10 Give In to Me
2%
Keine übereinstimmenden Quizze gefunden
Verteilung der Resultate
Anzahl Personen mit jedem Resultat
Perzentil nach korrekt beantworteten Fragen
Ihre Resultats-Entwicklung
Sie haben dieses Quiz noch nicht gespielt